Logo BPK

Biblioteka

Politechniki Koszalińskiej

Einführung in die Kristallchemie / (Rekord nr 20440)

Szczegóły MARC
000 -ETYKIETA REKORDU
podpole kontrolne o stałej długości 00526nam a2200205 i 4500
001 - NUMER KONTROLNY REKORDU
pole kontrolne bg
020 ## - MIĘDZYNARODOWY ZNORMALIZOWANY NUMER KSIĄŻKI - ISBN
ISBN 30110039761
040 ## - ŹRÓDŁO KATALOGOWANIA
Instytucja, która utworzyła rekord BPK
041 ## - KOD JĘZYKA
Kod języka tekstu pol
080 ## - UNIWERSALNA KLASYFIKACJA DZIESIĘTNA - UKD
UKD 541:548
920 ## - Międzynarodowy znormalizowany numer książki – ISBN
ISBN 3-011-003976-1
008 - POLE O STAŁEJ DŁUGOŚCI - DANE KONTROLNE
podpole kontrolne o stałej długości s pl f |000 0 pol
100 1# - NAZWA OSOBOWA
Nazwa osobowa EVANS, Robert Crispin
245 #0 - TYTUŁ/ODPOWIEDZIALNOŚĆ
Tytuł Einführung in die Kristallchemie /
Pozostałe elementy strefy tytułu i oznaczenia odpowiedzialności R. C. Evans.
250 ## - STREFA WYDANIA
Oznaczenie wydania ubers. u. bearb.
260 ## - STREFA ADRESU WYDAWNICZEGO
Miejsce wydania Berlin :
Nazwa wydawcy/dystrybutora Walter de Gruyter,
Data publikacji, dystrybucji/powstania dokumentu 1976.
490 1# - STREFA SERII I DOKUMENTU WIELOCZĘŚCIOWEGO - FORMA NIE DO WYSZUKIWANIA
Tytuł i oznaczenie odpowiedzialności serii De Gruyter Lehrbuch
830 ## - HASŁO DODATKOWE SERII LUB DOKUMENTU WIELOCZĘŚCIOWEGO - TYTUŁ UJEDNOLICONY
Tytuł ujednolicony De Gruyter Lehrbuch
856 ## - LOKALIZACJA I DOSTĘP DO ELEKTRONICZNYCH DOKUMENTÓW ZDALNYCH
Link (URL) http://koha.tu.koszalin.pl/cgi-bin/koha/opac-detail.pl?biblionumber=20440
Tekst linku Katalog online BPK
942 ## - DODATKOWE ELEMENTY (KOHA)
Typ dokumentu Książka
Egzemplarze
Wycofany Status egzemplarza Uszkodzony Dostępność Lokalizacja stała Lokalizacja bieżąca Miejsce przechowywania Sygnatura Kod kreskowy Typ dokumentu
      Dostępny Biblioteka Politechniki Koszalińskiej Biblioteka Politechniki Koszalińskiej Wypożyczalnia BG 28795 01962376 Książka
© 2023 Biblioteka Politechniki Koszalińskiej :: KOHA